00333nam a2200097Ia 4500008004100000020001500041245006600056260003900122300004900161440002500210150220s9999 xx 000 0 und d a059049158X aHometowns :bwe are all members of a community /cScholastic. aNew York :bScholastic Inc.,c1996 a160 pages :bColored, Illustration ;c28 cm. aLiteracy Sourcebook.